logo

Bir Sreshtho Munshi Abdur Rouf Library
Jhenaidah Cadet College

খতমে নবূওয়ত / (Record no. 6279)

MARC details
000 -LEADER
fixed length control field 00731nam a2200217 a 4500
001 - CONTROL NUMBER
JCCL Control Number 6279
003 - CONTROL NUMBER IDENTIFIER
JCCL marc code BD-JhCC
005 - DATE AND TIME OF LATEST TRANSACTION
control field 20180310181249.0
008 - FIXED-LENGTH DATA ELEMENTS--GENERAL INFORMATION
fixed length control field 180118s1988 bg |||| ||a| 000 0 ben d
035 ## - SYSTEM CONTROL NUMBER
system control number (BD-JhCC)6279
040 ## - CATALOGING SOURCE
Original cataloging agency BD-JhCC
Modifying agency BD-JhCC
041 ## - LANGUAGE CODE
Language code of Book ben
082 ## - DEWEY DECIMAL CLASSIFICATION NUMBER
Classification number 297.63
Author mark and Year KAT 1988
245 ## - TITLE STATEMENT
Title খতমে নবূওয়ত /
Statement of responsibility, etc মুহাম্মদ সিরাজুল হক অনূদিত
260 ## - PUBLICATION, DISTRIBUTION, ETC. (IMPRINT)
Place of publication, distribution, etc ঢাকা :
Name of publisher, distributor, etc ইসলামিক ফাউন্ডেশন বাংলাদেশ,
Date of publication, distribution, etc ১৯৮৮.
300 ## - PHYSICAL DESCRIPTION
Pagination 487 p. :
Dimensions 21 cm.
650 ## - SUBJECT ADDED ENTRY--TOPICAL TERM
Topical term or geographic name as entry element Prophet
700 ## - ADDED ENTRY--PERSONAL NAME
Personal name হক, মুহাম্মদ সিরাজুল অনূদিত
942 ## - ADDED ENTRY ELEMENTS (KOHA)
Source of classification or shelving scheme Dewey Decimal Classification
Koha item type Books
Holdings
Source of classification or shelving scheme Damaged status Not for loan Home library Current library Shelving location Cost, normal purchase price Total Checkouts Full call number Barcode Date last seen Copy number Koha item type
Dewey Decimal Classification     JCC Rouf Library JCC Rouf Library General Stacks 75.00   297.63 KAT 1988 705 01/18/2018 C - 1 Books

JCC Library | Contacts | JCC Home

Last Update on 23 September 2017
Copyright @ 2017-2020 JCC Rouf Library
Rouf Library, Jhenidah Cadet College (JCC), Bangladesh